|
|
|
|
| LEADER |
01331nam a2200301 a 4500 |
| 001 |
13782108 |
| 008 |
041115s2006 enkab 001 0 eng d |
| 010 |
|
|
|a 2004025883
|
| 020 |
|
|
|a 9780195690811
|
| 020 |
|
|
|a 0195690818
|
| 020 |
|
|
|a 0195169840 (cloth : alk. paper)
|
| 040 |
|
|
|a DLC
|c DLC
|d DLC
|
| 082 |
0 |
0 |
|a 338.7/2/0820954
|2 22
|
| 100 |
1 |
|
|a Bhatt, Ela R.
|
| 245 |
1 |
0 |
|a We are poor but so many :
|b the story of self-employed women in India /
|c Ela R. Bhatt.
|
| 260 |
|
|
|a Oxford ;
|a New York :
|b Oxford University Press,
|c c2006.
|
| 300 |
|
|
|a viii, 233 p. :
|b ill., map ;
|c 24 cm.
|
| 490 |
1 |
|
|a South Asia series
|
| 504 |
|
|
|a Includes bibliographical references and index.
|
| 505 |
0 |
|
|a On being poor, woman and self-employed -- On ragpicking -- On chindi stitchers -- On vending -- On banking -- On health -- On embroidery -- On gram haat -- On sukhi -- On reforms.
|
| 541 |
1 |
|
|e 00016816
|
| 650 |
|
0 |
|a Self-employed women
|z India.
|
| 650 |
|
0 |
|a Working poor
|z India.
|
| 610 |
2 |
0 |
|a Self Employed Women's Association (Ahmadābād, India)
|
| 830 |
|
0 |
|a South Asia series (Oxford, England)
|
| 852 |
4 |
|
|a Ayesha Abed Library
|j General Shelf
|
| 999 |
|
|
|c 5767
|d 5767
|
| 952 |
|
|
|0 0
|1 0
|2 ddc
|4 0
|6 338_720820954000000_BHA_2006
|7 0
|9 5705
|a BRACUL
|b BRACUL
|c GEN
|d 2009-11-22
|g 930.00
|l 0
|o 338.720820954 BHA
|p 3010016816
|r 2009-11-22
|t 1
|w 2009-11-22
|y BK
|